<?xml version="1.0" encoding="UTF-8"?>
<record
    xmlns:xsi="http://www.w3.org/2001/XMLSchema-instance"
    xsi:schemaLocation="http://www.loc.gov/MARC21/slim http://www.loc.gov/standards/marcxml/schema/MARC21slim.xsd"
    xmlns="http://www.loc.gov/MARC21/slim">

  <leader>03019cam a2200325 a 4500</leader>
  <datafield tag="999" ind1=" " ind2=" ">
    <subfield code="c">21226</subfield>
    <subfield code="d">21226</subfield>
  </datafield>
  <controlfield tag="001">15661638</controlfield>
  <controlfield tag="003">OSt</controlfield>
  <controlfield tag="005">20170121100917.0</controlfield>
  <controlfield tag="008">090316s2009    maua     b    001 0 eng  </controlfield>
  <datafield tag="010" ind1=" " ind2=" ">
    <subfield code="a">  2009011218</subfield>
  </datafield>
  <datafield tag="020" ind1=" " ind2=" ">
    <subfield code="a">9780674036222 (alk. paper)</subfield>
  </datafield>
  <datafield tag="020" ind1=" " ind2=" ">
    <subfield code="a">0674036220 (alk. paper)</subfield>
  </datafield>
  <datafield tag="035" ind1=" " ind2=" ">
    <subfield code="a">(OCoLC)ocn316514536</subfield>
  </datafield>
  <datafield tag="040" ind1=" " ind2=" ">
    <subfield code="a">DLC</subfield>
    <subfield code="c">DLC</subfield>
    <subfield code="d">C#P</subfield>
    <subfield code="d">YDXCP</subfield>
    <subfield code="d">BWX</subfield>
    <subfield code="d">CDX</subfield>
    <subfield code="d">EINCP</subfield>
    <subfield code="d">TTU</subfield>
    <subfield code="d">EDK</subfield>
    <subfield code="d">BTCTA</subfield>
    <subfield code="d">DLC</subfield>
  </datafield>
  <datafield tag="043" ind1=" " ind2=" ">
    <subfield code="a">f------</subfield>
  </datafield>
  <datafield tag="050" ind1="0" ind2="0">
    <subfield code="a">N7380</subfield>
    <subfield code="b">.S67 2009</subfield>
  </datafield>
  <datafield tag="082" ind1="0" ind2="0">
    <subfield code="a">709.6</subfield>
    <subfield code="2">22</subfield>
  </datafield>
  <datafield tag="100" ind1="1" ind2=" ">
    <subfield code="a">Spring, Christopher.</subfield>
  </datafield>
  <datafield tag="245" ind1="1" ind2="0">
    <subfield code="a">African art in detail /</subfield>
    <subfield code="c">Chris Spring.</subfield>
  </datafield>
  <datafield tag="260" ind1=" " ind2=" ">
    <subfield code="a">Cambridge, Mass. :</subfield>
    <subfield code="b">Harvard University Press,</subfield>
    <subfield code="c">2009.</subfield>
  </datafield>
  <datafield tag="300" ind1=" " ind2=" ">
    <subfield code="a">144 p. :</subfield>
    <subfield code="b">col. ill. ;</subfield>
    <subfield code="c">23 cm.</subfield>
  </datafield>
  <datafield tag="490" ind1="1" ind2=" ">
    <subfield code="a">Art in detail</subfield>
  </datafield>
  <datafield tag="504" ind1=" " ind2=" ">
    <subfield code="a">Includes bibliographical references and index.</subfield>
  </datafield>
  <datafield tag="505" ind1="0" ind2=" ">
    <subfield code="a">Preface -- Introduction:  What is African art? -- 1:  Contemporary art of Africa -- 2:  Art of masquerade -- 3:  Cloth, history and culture -- 4:  Brass, bronze and gold -- 5:  Wood and iron, women and men -- 6:  Tools, arms and amour -- 7:  Ceramic classics -- 8:  Africa around the world -- 9:  Further information -- Further reading -- Glossary -- Collections of African art -- Sources of quotations -- Illustration references -- Index.</subfield>
  </datafield>
  <datafield tag="520" ind1=" " ind2=" ">
    <subfield code="a">From the Publisher:  This book opens with the question: What is African art? The answer is a brilliantly colorful and detailed look at the myriad materials and genres, forms and meanings, cultural contexts and expressions that comprise artistic traditions across this vast and varied continent. Viewing artworks in their contexts-ancient and modern, urban and rural, western and eastern, decorative and functional-the book is nothing less than a virtual tour of African culture. Masks, textiles, royal art, sculpture, ceramics, tools and weapons-in each instance, the book features examples that reveal the most significant aspects of workmanship, materials, and design in objects of wood, stone, ivory, clay, metalwork, featherwork, leather, basketwork, and cloth. Photographs of each piece alongside close-ups of fine details afford new views of these works and allow for intriguing comparisons between seemingly unrelated objects and media. The featured details evoke the hand and eye of the most accomplished craftspeople across Africa, past and present. In sum, these photographs, along with Christopher Spring's enlightening commentary, offer an experience of African art that is at once broad and deep, richly informed and intimately felt. They are, at the same time, a kaleidoscopic view of art from prehistory to gestures prefiguring the future.</subfield>
  </datafield>
  <datafield tag="650" ind1=" " ind2="0">
    <subfield code="a">Art, African</subfield>
    <subfield code="x">Themes, motives.</subfield>
  </datafield>
  <datafield tag="830" ind1=" " ind2="0">
    <subfield code="a">Art in detail.</subfield>
  </datafield>
  <datafield tag="906" ind1=" " ind2=" ">
    <subfield code="a">7</subfield>
    <subfield code="b">cbc</subfield>
    <subfield code="c">orignew</subfield>
    <subfield code="d">1</subfield>
    <subfield code="e">ecip</subfield>
    <subfield code="f">20</subfield>
    <subfield code="g">y-gencatlg</subfield>
  </datafield>
  <datafield tag="942" ind1=" " ind2=" ">
    <subfield code="2">lcc</subfield>
    <subfield code="c">BOOKS</subfield>
    <subfield code="h">N 7380 .S67 2009</subfield>
  </datafield>
  <datafield tag="952" ind1=" " ind2=" ">
    <subfield code="0">0</subfield>
    <subfield code="1">0</subfield>
    <subfield code="2">lcc</subfield>
    <subfield code="4">0</subfield>
    <subfield code="7">0</subfield>
    <subfield code="a">MUC</subfield>
    <subfield code="b">MUC</subfield>
    <subfield code="c">GEN</subfield>
    <subfield code="d">2017-01-21</subfield>
    <subfield code="e">Donation (BFA)</subfield>
    <subfield code="l">0</subfield>
    <subfield code="o">N 7380 .S67 2009</subfield>
    <subfield code="p">31316</subfield>
    <subfield code="r">2017-01-21</subfield>
    <subfield code="w">2017-01-21</subfield>
    <subfield code="y">BOOKS</subfield>
  </datafield>
</record>
